The Mythologizing of Mark Twain / (Record no. 200468186)

MARC details
000 -LEADER
fixed length control field 01535cam a2200433 İ 4500
001 - CONTROL NUMBER
control field 200468186
003 - CONTROL NUMBER IDENTIFIER
control field TR-AnTOB
005 - DATE AND TIME OF LATEST TRANSACTION
control field 20260417160223.0
007 - PHYSICAL DESCRIPTION FIXED FIELD--GENERAL INFORMATION
fixed length control field TA
008 - FIXED-LENGTH DATA ELEMENTS--GENERAL INFORMATION
fixed length control field 260417s1984 alua b s101 0 eng d
010 ## - LIBRARY OF CONGRESS CONTROL NUMBER
LC control number 83009166
020 ## - INTERNATIONAL STANDARD BOOK NUMBER
International Standard Book Number 0817302018
Qualifying information pbk.
International Standard Book Number 0817301992
International Standard Book Number 9780817302016
Qualifying information (pbk.)
International Standard Book Number 9780817301996
035 ## - SYSTEM CONTROL NUMBER
System control number 3295740
040 ## - CATALOGING SOURCE
Original cataloging agency DLC
Language of cataloging eng
Description conventions rda
Transcribing agency DLC
Modifying agency DLC
-- TR-AnTOB
041 0# - LANGUAGE CODE
Language code of text/sound track or separate title İngilizce
050 00 - LIBRARY OF CONGRESS CALL NUMBER
Classification number PS1338
Item number .M9 1984
090 ## - LOCALLY ASSIGNED LC-TYPE CALL NUMBER (OCLC); LOCAL CALL NUMBER (RLIN)
Classification number (OCLC) (R) ; Classification number, CALL (RLIN) (NR) PS1338
Local cutter number (OCLC) ; Book number/undivided call number, CALL (RLIN) .M9 1984
245 04 - TITLE STATEMENT
Title The Mythologizing of Mark Twain /
Statement of responsibility, etc. edited by Sara deSaussure Davis and Philip D. Beidler ; [contributions by John C. Gerber ... et al.].
264 #1 - PRODUCTION, PUBLICATION, DISTRIBUTION, MANUFACTURE, AND COPYRIGHT NOTICE
Place of production, publication, distribution, manufacture University :
Name of producer, publisher, distributor, manufacturer University of Alabama Press,
Date of production, publication, distribution, manufacture, or copyright notice 1984.
Date of production, publication, distribution, manufacture, or copyright notice ©1984
300 ## - PHYSICAL DESCRIPTION
Extent xix, 186 pages :
Other physical details illustration ;
Dimensions 24 cm
336 ## - CONTENT TYPE
Content type term text
Content type code txt
Source rdacontent
337 ## - MEDIA TYPE
Media type term unmediated
Media type code n
Source rdamedia
338 ## - CARRIER TYPE
Carrier type term volume
Carrier type code nc
Source rdacarrier
500 ## - GENERAL NOTE
General note Essays presented at the Eighth Alabama Symposium on English and American Literature, Oct. 15-17, 1981, University of Alabama.
General note Includes index.
504 ## - BIBLIOGRAPHY, ETC. NOTE
Bibliography, etc. note Includes bibliographical references.
600 10 - SUBJECT ADDED ENTRY--PERSONAL NAME
Personal name Twain, Mark,
Dates associated with a name 1835-1910
General subdivision Criticism and interpretation
-- Congresses.
9 (RLIN) 116971
650 #0 - SUBJECT ADDED ENTRY--TOPICAL TERM
Topical term or geographic name entry element Humorous stories, American
General subdivision History and criticism
9 (RLIN) 153672
700 1# - ADDED ENTRY--PERSONAL NAME
Personal name Davis, Sara deSaussure,
Dates associated with a name 1943-
Relator term editor
9 (RLIN) 153780
Personal name Beidler, Philip D.
Relator term editor
9 (RLIN) 153781
Personal name Gerber, John C.
Relator term editor
9 (RLIN) 153782
942 ## - ADDED ENTRY ELEMENTS (KOHA)
Source of classification or shelving scheme Library of Congress Classification
Koha item type Book
Holdings
Withdrawn status Lost status Source of classification or shelving scheme Not for loan Collection code Home library Current library Shelving location Date acquired Source of acquisition Inventory number Total Checkouts Full call number Date last seen Date shelved Koha item type Public note
    Library of Congress Classification Ödünç Verilemez-Kurumiçi kullanım / Not for loan-For inhouse use Genel Koleksiyon Tıp Fakültesi Medikal Kütüphane Tıp Fakültesi Medikal Kütüphane Genel Koleksiyon / Main Collection 17/04/2026 Bağış / Donation İDE   PS1338 .M9 1984 TıpFaK 17/04/2026 17/04/2026 Book Donated by Prof. Dr. Şükrü Cin.
Devinim Yazılım Eğitim Danışmanlık tarafından Koha'nın orjinal sürümü uyarlanarak geliştirilip kurulmuştur.